Límites actuales de la filosofía de la ciencia
Guardat en:
| Autor principal: | |
|---|---|
| Format: | Llibre |
| Idioma: | espanyol |
| Publicat: |
Barcelona
Gedisa
1987
|
| Col·lecció: | Colección Límites de la Ciencia
|
| Matèries: | |
| Etiquetes: |
Afegir etiqueta
Sense etiquetes, Sigues el primer a etiquetar aquest registre!
|
MARC
| LEADER | 00000nam a2200000 a 4500 | ||
|---|---|---|---|
| 001 | UCW9300 | ||
| 003 | CL-VaPUC | ||
| 008 | 890119e19870000SP |||||||||||||||||spa|d | ||
| 082 | 0 | 4 | |a 501 |b GEY |2 21 |
| 100 | |a Geymonat, Ludovico |e author |9 371033 | ||
| 245 | 1 | 0 | |a Límites actuales de la filosofía de la ciencia |
| 300 | |a 181 p | ||
| 942 | |c BK | ||
| 945 | |d 19890119 00:00:00 | ||
| 260 | |a Barcelona |b Gedisa |c 1987 | ||
| 650 | 0 | |a Filosofía de las ciencias |9 256466 | |
| 583 | |a last modification |c 19890119 00:00:00 |k Rodrigo Vera | ||
| 490 | 0 | |a Colección Límites de la Ciencia | |
| 999 | |c 221313 |d 221311 | ||
| 952 | |0 0 |1 0 |4 0 |6 501_000000000000000_GEY_1987 |7 0 |8 P |9 214492 |a BIBEDU |b BIBEDU |c BIBEDU_PB |d 2019-11-15 |i 3262960 |o 501 GEY 1987 |p 3262960 |r 2024-01-25 |w 2019-11-15 |y BK |k FIL | ||